[Event "Brugse Meesters 2017"]
[Site "Brugge"]
[Date "2017.08.16"]
[Round "7"]
[White "Van Foreest, Lucas"]
[Black "Dgebuadze, Alexandre"]
[Result "1-0"]
[WhiteElo "2467"]
[BlackElo "2515"]
[Annotator "TA"]
[PlyCount "109"]
[EventDate "2017.??.??"]
[EventCountry "BEL"]
[SourceTitle "playchess.com"]
[Source "ChessBase"]
[SourceQuality "1"]

{[%evp 24,109,33,27,48,50,43,29,31,32,53,89,70,57,181,52,77,80,82,58,71,49,48,49,65,37,74,36,36,36,41,36,36,36,36,36,36,36,36,45,54,54,185,186,191,170,176,173,215,177,218,215,235,227,461,495,462,463,468,430,382,328,318,310,291,276,1094,1803,1347,1480,1163,1225,9882,5069,4982,2559,29963,29964,29957,29954,29967,29972,29971,29970,29975,29976,29978,29980]} 1. e4 e6 2. d4 d5 3. Nd2 Nf6 4. e5 Nfd7 5. c3 c5 6. Bd3 Nc6 7. Ne2 cxd4 8. cxd4 f6 9. exf6 Nxf6 10. O-O Bd6 11. Nf3 Qc7 12. h3 O-O 13. Be3 {[#] LiveBook: 100 Games. C06: French Tarrasch: 3...Nf6 4 e5 Nfd7 5 Bd3 main lines} Qe7 $146 ({Predecessor:} 13... Bd7 14. Re1 Be8 15. Ng5 Bf7 16. Rc1 Kh8 17. a3 Bg8 18. b4 a6 19. g3 h6 20. Nf4 Bxf4 21. Bxf4 {1-0 (38) Navara,D (2729)-Michiels,B (2563) Wijk aan Zee 2015}) 14. Re1 Bd7 15. Nc3 {White is slightly better.} Be8 16. Bg5 {Black must now prevent Nxd5!} Qd7 17. Qe2 Bf7 18. Qd2 {Strongly threatening Bxf6.} (18. Qe3 $5 {[%cal Rg5f6]}) 18... Kh8 (18... Nh5 $14) 19. Bf4 (19. Bxf6 $1 $18 gxf6 20. Qh6) 19... Bxf4 20. Qxf4 Qd8 21. Qh4 h6 22. Rac1 Rc8 23. a3 Nd7 24. Qxd8 (24. Qg3 {feels hotter.} Bh5 25. Nh4 Rf6 26. Bg6 Bxg6 27. Nxg6+ Kg8 28. Ne2) 24... Rfxd8 25. Bb5 a6 26. Bxc6 Rxc6 27. Na2 Rdc8 28. Rxc6 Rxc6 29. Rc1 Rxc1+ 30. Nxc1 $14 {[%mdl 4096] Endgame KBN-KNN} Nb6 31. Ne5 Be8 32. Ncd3 Nc4 (32... Nd7 $14) 33. Nxc4 $1 $18 dxc4 {KB-KN} 34. Nc5 Bc6 35. Nxe6 b5 {[#]} 36. f3 $1 a5 {...b4 would now be nice for Black.} 37. Kf2 g5 38. Ke3 Kh7 $2 (38... b4) 39. Nc7 b4 40. axb4 axb4 41. d5 Ba4 42. Kd2 Kg6 43. Na6 c3+ 44. bxc3 bxc3+ $2 (44... b3 45. Kc1 Bb5) 45. Kxc3 Bb5 46. Nc5 Bf1 47. g4 Bxh3 48. Kd4 Bf1 49. Ke5 Be2 50. d6 {White mates.} Kf7 {[#]} 51. Ne6 $1 ({Not} 51. Ke4 Bd1 $16) 51... Bb5 52. Nd4 Bd7 53. Nf5 Kg6 54. Nxh6 Bc6 55. Ke6 {Precision: White = 73%, Black = 50%.} 1-0

[Event "Brugse Meesters 2017"]
[Site "Brugge"]
[Date "2017.08.16"]
[Round "7"]
[White "Geirnaert, Steven"]
[Black "De Boer, Eelke"]
[Result "1/2-1/2"]
[WhiteElo "2454"]
[BlackElo "2190"]
[Annotator "TA"]
[PlyCount "92"]
[EventDate "2017.??.??"]
[EventCountry "BEL"]
[SourceTitle "playchess.com"]
[Source "ChessBase"]
[SourceQuality "1"]

{[%evp 27,92,35,20,6,35,0,0,0,0,0,0,0,0,0,0,0,0,0,0,0,112,61,88,0,0,0,0,0,0,-368,-370,-372,-58,-368,-368,-348,-339,-337,-328,-347,-347,-347,-329,-318,-150,-347,-311,-279,-279,-279,-262,-266,-233,-222,-8,-57,-36,-27,0,0,0,0,0,0,0,0,0]} 1. d4 Nf6 2. c4 g6 3. Nc3 Bg7 4. e4 d6 5. f3 O-O 6. Be3 c5 7. Nge2 Nc6 8. d5 Ne5 9. Ng3 h5 10. Be2 {E81: King's Indian: Sämisch: 6th move deviations (including 6 Be3 c6)} h4 11. Nf1 e6 12. f4 (12. Nd2 exd5 13. cxd5 h3 14. g3 b5 15. Nxb5 Rb8 16. Qc2 Nxd5 17. exd5 Bf5 {0-1 (32) Dreev,A (2644)-Mamedov,R (2657) Berlin 2015}) 12... Nxc4 13. Bxc4 b5 14. Bxb5 exd5 $1 {LiveBook: 15 Games} 15. e5 Bg4 16. exf6 (16. Qd2 {with more complications.} dxe5 17. h3 d4 18. fxe5 Bh5 19. exf6 Qxf6 20. Qf2) 16... Bxd1 17. fxg7 Kxg7 {Strongly threatening ...Bh5.} 18. Rxd1 d4 $146 19. Rxd4 $1 cxd4 20. Bxd4+ f6 21. Ne3 Rb8 {Threatens to win with ...Qa5.} 22. O-O Qa5 $36 {[%mdl 2048] Black has good play.} 23. Bc4 h3 (23... Rxb2 $11 {keeps the balance.} 24. Ncd5 Rbb8) 24. Rf2 (24. b3 $16) 24... Rbe8 $14 25. g4 (25. gxh3 $16 Qh5 26. Bf1) 25... Rxe3 $1 $11 26. Bxe3 Re8 27. Nd5 Re4 28. b3 $2 {[%mdl 8192] [#]} (28. b4 $11 {and White stays safe.} Qa4 29. Bb3) 28... Rxc4 $1 $19 {[%mdl 512]} 29. bxc4 Qe1+ 30. Rf1 Qe2 {[%csl Gh3][%cal Re2g2]} 31. Bf2 Qxg4+ 32. Bg3 {next Kf2 is good for White.} Qe2 {[%csl Gh3][%cal Re2g2]} 33. Bf2 Qxc4 34. Rd1 Qe4 {[%csl Gh3][%cal Re4g2]} (34... Qxa2 35. Ne3 $17) 35. Kf1 Kf7 (35... Qg2+ $19 {is more deadly.} 36. Ke2 Qxh2) 36. a3 $2 (36. Bg3 $17) 36... Qh1+ 37. Ke2 Qxh2 38. Rg1 Ke6 39. Nc7+ Kf5 40. Nd5 {[#] If White can now play Ne7+ this consolidates a bit.} Ke4 $2 ({Black should try} 40... g5 $1 $19 {White must now prevent ...Ke6.} 41. Ke3 Ke6 42. Nc7+ Kf7) 41. Rd1 g5 42. Nxf6+ Kxf4 {And now ...Kf5 would win.} 43. Rd5 $1 {The position is equal.} Qg2 44. Nh5+ Ke4 (44... Kg4 $5 45. Nf6+ $8 Kf4 46. Nh5+ Ke4 47. Nf6+ Kf4 $11) 45. Nf6+ Kf4 {aiming for ...Qf3+.} 46. Nh5+ Ke4 {Precision: White = 55%, Black = 63%.} (46... Kg4 $5 47. Nf6+ $8 Kf4 $11) 1/2-1/2

[Event "Brugse Meesters 2017"]
[Site "Brugge"]
[Date "2017.08.16"]
[Round "7"]
[White "Lai, Hing Ting"]
[Black "Stone, Andrew M"]
[Result "1-0"]
[WhiteElo "2388"]
[BlackElo "2153"]
[Annotator "TA"]
[PlyCount "141"]
[EventDate "2017.??.??"]
[EventCountry "BEL"]
[SourceTitle "playchess.com"]
[Source "ChessBase"]
[SourceQuality "1"]

{[%evp 20,141,26,0,12,14,18,17,18,10,23,19,66,-5,63,0,45,36,38,42,29,29,27,27,93,84,79,62,59,58,79,54,82,43,146,146,146,146,146,52,205,218,195,175,215,217,162,0,114,114,114,110,203,114,114,114,107,0,71,47,56,50,73,63,194,165,244,109,109,109,341,347,274,23,32,32,32,32,35,35,272,270,981,967,706,923,878,834,477,466,1887,2017,2060,1979,1993,1779,1798,1389,1574,1510,1727,1583,2639,2264,2327,2098,2018,759,5903,2667,5499,4406,2519,2451,4989,1862,1757,1530,3595,1808,29963,8715,5739,4267]} 1. Nf3 d5 2. g3 c6 3. Bg2 Bg4 4. O-O e6 5. d4 Nd7 6. Nbd2 Ngf6 7. b3 Be7 8. Bb2 O-O 9. c4 b5 10. c5 {D11: Slav Defence: 3 Nf3 sidelines and 3...Nf6 4 e3 Bg4} a5 11. a3 {LiveBook: 6 Games} Bh5 (11... Qb8 12. b4 a4 13. Bc3 Bf5 14. Ne5 Qc7 15. Qc1 Nxe5 16. dxe5 Nd7 17. Qb2 f6 {1-0 (42) Ruck,R (2574)-Wang,H (2696) Beijing 2008}) 12. Ne1 $146 {The position is equal.} ({Find the theoretical novelty and annotate with similar games:} 12. b4 Qb8 13. Nb3 a4 14. Nc1 Ne4 15. Nd3 f6 16. Bh3 Bf7 17. Nf4 f5 18. Nd3 Qe8 {½-½ (27) Wolter,M (2204)-Galyas,M (2375) Budapest 2001}) 12... h6 13. Nd3 Bg6 14. Rc1 Bh7 15. f3 Ne8 16. Kh1 (16. e4 $14) 16... Nc7 (16... Bxd3 $11 17. exd3 a4) 17. Qe1 (17. e4 $14) 17... Re8 (17... Bxd3 $5 18. exd3 a4 $11) 18. e4 Bf6 19. Ne5 Nxe5 20. dxe5 Be7 21. f4 f5 (21... Na6 $11) 22. exf6 $16 Bxf6 23. e5 Be7 24. Nf3 Qd7 25. Nd4 Rf8 26. Qe2 a4 (26... b4 $14) 27. b4 Rf7 28. Bf3 Raf8 29. h4 (29. Rcd1 $16) 29... g5 $2 ({Black should play} 29... Bxh4 $1 $14 30. gxh4 Rxf4) 30. Bh5 Be4+ 31. Kh2 Rg7 32. fxg5 hxg5 33. hxg5 $2 (33. g4 $18) 33... Rxg5 (33... Bxg5 $11 {remains equal.} 34. Rxf8+ Kxf8) 34. g4 Rg7 35. Rxf8+ Kxf8 (35... Bxf8 $16 36. Rf1 Be7) 36. Rf1+ (36. Rc3 $1 $18) 36... Kg8 37. Qf2 Bd3 38. Ne2 (38. Rd1 $16 Be4 39. Bc1) 38... Bxe2 (38... d4 $11 {keeps the balance.}) 39. Qxe2 Bg5 $1 40. Bd4 Qe7 41. Kg2 Ne8 (41... Na6 $1 $14) 42. Qd3 Bh6 (42... Nc7 {might work better.}) 43. Kh3 (43. Be3 $1 $18 {[%cal Re3h6] and White stays clearly on top.} Bg5 44. Qd2 Bxe3 45. Qxe3) 43... Bg5 44. Rf3 Rh7 $2 (44... Nc7 $16 {keeps fighting.}) 45. Qg6+ $1 $18 Ng7 {And now ...Rh6 would win.} 46. Rf6 $2 (46. Be3 $1 $18 {[%cal Re3g5]} Bxe3 47. Rxe3) 46... Bc1 47. Kg2 $36 {[%mdl 2048] Hoping for Rf7. White is more active.} Rh6 48. Qf7+ Qxf7 49. Bxf7+ Kh7 $2 (49... Kf8 $14 50. Bg6+ Kg8) 50. Rf3 Bg5 $2 (50... Rh4 51. Kg3 Rh1) 51. Be3 Bxe3 52. Rxe3 {[%mdl 4096] Endgame KRB-KRN} Rh4 53. Rh3 Rxh3 54. Kxh3 {KB-KN} d4 (54... Kh6 $142 55. Kh4 d4 56. g5+ Kh7) 55. Kg3 d3 56. Kf3 d2 57. Ke2 Kh6 58. Kxd2 Kg5 {[#]} 59. Kd3 $1 Kxg4 {[#]} 60. Bg6 $1 {[%cal Rg6e4]} Nf5 61. Be8 Ne7 62. Ke4 Kg5 63. Bd7 (63. Bf7 $142 Nd5 64. Bxe6 Nc3+ 65. Kd3) 63... Kg6 64. Bxe6 Kg5 65. Bf7 Nc8 66. Be8 Ne7 67. Bd7 (67. e6 $142 Kf6 68. Bd7) 67... Kg6 68. Kf4 Kf7 69. Kg5 Kg7 70. e6 Kf8 71. Kf6 {Precision: White = 56%, Black = 27%.} 1-0

[Event "Brugse Meesters 2017"]
[Site "Brugge"]
[Date "2017.08.16"]
[Round "7"]
[White "Gonzales, Jayson"]
[Black "Tozer, Philip A A"]
[Result "1/2-1/2"]
[WhiteElo "2378"]
[BlackElo "2141"]
[Annotator "TA"]
[PlyCount "42"]
[EventDate "2017.??.??"]
[EventCountry "BEL"]
[SourceTitle "playchess.com"]
[Source "ChessBase"]
[SourceQuality "1"]

{[%evp 14,42,0,-47,67,-46,65,68,72,60,64,50,73,48,63,65,97,53,54,-33,-38,-133,-142,-138,-136,-134,0,0,0,0,0]} 1. e4 e6 2. d4 d5 3. e5 c5 4. c3 Nc6 5. Nf3 Nh6 6. Be3 Nf5 7. Bd3 {C02: French: Advance Variation} Qb6 (7... cxd4 8. cxd4 Be7 9. Nc3 O-O 10. O-O Na5 11. b3 Nc6 12. a3 a5 13. Qc2 h6 14. Rfd1 Nxe3 15. fxe3 f5 16. exf6 Bxf6 {½-½ (58) Mossakowski,F (2299)-Ivanov,V (2373) Germany 2016}) 8. Qd2 {LiveBook: 8 Games} (8. Bxf5 $5 Qxb2 9. Nbd2 exf5 10. dxc5 $17) 8... Be7 (8... Nxe3 $15 9. fxe3 c4) 9. O-O (9. dxc5 $14 Qc7 10. Bxf5 exf5 11. Na3) 9... O-O (9... Nxe3 $15 10. fxe3 Bd7) 10. dxc5 $146 ({Predecessor:} 10. g4 Nxe3 11. fxe3 c4 12. Bc2 f6 13. exf6 Bxf6 14. g5 Be7 {0-1 (23) Unciti Juan,J (2110)-Rodrigo Yanguas,M (2184) Madrid 2015}) 10... Bxc5 11. Bxc5 Qxc5 12. Na3 Bd7 13. Nc2 (13. Bxf5 $5 exf5 14. Nc2 $14) 13... Rad8 14. Rfe1 Qe7 15. Rad1 Nh4 16. Ng5 ({White should try} 16. Ncd4 $14) 16... h6 $1 $15 {[%cal Rh6g5]} 17. Nh7 (17. Nh3 $1 $15) 17... Rfe8 $17 18. Nf6+ gxf6 19. Qxh6 {[#] Threatening mate with Qh7+.} f5 ({Black should play} 19... Ng6 $1 $17 20. Bxg6 fxg6 21. Qxg6+ Qg7 22. Qxf6 Qxf6 23. exf6 Kf7) 20. Re3 $1 $11 Ng6 21. Rh3 Ncxe5 {Precision: White = 33%, Black = 19%.} 1/2-1/2

[Event "Brugse Meesters 2017"]
[Site "Brugge"]
[Date "2017.08.16"]
[Round "7"]
[White "Carstensen, Jacob"]
[Black "Motwani, Paul"]
[Result "1/2-1/2"]
[WhiteElo "2353"]
[BlackElo "2470"]
[Annotator "TA"]
[PlyCount "45"]
[EventDate "2017.??.??"]
[EventCountry "BEL"]
[SourceTitle "playchess.com"]
[Source "ChessBase"]
[SourceQuality "1"]

{[%evp 20,45,27,14,26,2,31,33,50,23,84,75,86,35,54,37,29,40,63,29,108,11,51,0,0,-75,-70,-77]} 1. d4 d5 2. c4 c6 3. Nf3 Nf6 4. e3 g6 5. Nc3 Bg7 6. Bd3 O-O 7. O-O Bg4 8. h3 Bxf3 9. Qxf3 Qd6 10. Rd1 Nbd7 11. Qe2 {LiveBook: 8 Games. D94: Grünfeld: 4 Nf3 Bg7 5 e3} (11. Bf1 a6 12. b3 Rfe8 13. Bb2 Rad8 14. Qe2 dxc4 15. bxc4 e5 16. d5 cxd5 17. Nxd5 Nxd5 18. Rxd5 Qc7 {1-0 (60) Dreev,A (2690)-Bu,X (2620) Taiyuan 2004}) 11... Rfe8 12. f4 e6 $146 ({Predecessor:} 12... Rad8 13. c5 Qc7 14. b4 Nf8 15. Bc2 N6d7 16. Bb3 e6 17. e4 dxe4 18. Nxe4 {0-1 (51) Shvedchikov,A (2395)-Petukhov USSR 1984}) 13. c5 {White is slightly better.} Qc7 14. b4 Nf8 (14... a5 $11 {keeps the balance.}) 15. g4 N6d7 16. Bb2 (16. Bd2 $16) 16... g5 17. Qf2 $1 gxf4 18. exf4 f5 19. g5 h6 (19... a5 $11 20. a3 b6) 20. h4 (20. Ne2 $16) 20... hxg5 21. hxg5 (21. fxg5 $14 b6 22. h5) 21... Ng6 $11 22. Ne2 (22. Rf1 $11) 22... Kf7 $17 {Threatens to win with ...Rh8.} 23. Kg2 {Precision: White = 12%, Black = 33%.} 1/2-1/2

[Event "Brugse Meesters 2017"]
[Site "Brugge"]
[Date "2017.08.16"]
[Round "7"]
[White "Frayna, Janelle Mae"]
[Black "Czebe, Attila"]
[Result "0-1"]
[WhiteElo "2248"]
[BlackElo "2465"]
[Annotator "TA"]
[PlyCount "112"]
[EventDate "2017.??.??"]
[EventCountry "BEL"]
[SourceTitle "playchess.com"]
[Source "ChessBase"]
[SourceQuality "1"]

{[%evp 9,112,41,39,38,43,60,57,31,33,23,37,40,41,27,25,33,50,56,50,51,71,28,68,64,63,64,118,36,44,39,75,72,95,82,73,56,58,34,89,81,97,86,124,116,116,108,143,143,151,125,139,138,125,112,114,99,118,93,121,106,108,0,119,81,119,0,123,132,152,116,110,115,126,117,113,118,107,0,0,-261,-256,-255,-260,-260,-243,-285,-282,-356,-349,-315,-339,-435,-427,-444,-431,-478,-475,-444,-454,-430,-437,-423,-416,-420,-414]} 1. d4 g6 2. e4 Bg7 3. Nc3 Nc6 4. Nf3 d6 5. h3 a6 (5... Nf6 6. Bb5 O-O 7. O-O a6 8. Bxc6 bxc6 9. Re1 Nd7 10. Bg5 h6 11. Bh4 Rb8 12. b3 c5 13. Nd5 g5 14. Bg3 e6 15. Ne3 cxd4 16. Nxd4 Bb7 {1-0 (46) Hansen,E (2584)-Bauer,C (2630) Rabat 2014}) 6. Be3 {B06: Modern Defence} b5 7. d5 Na5 $146 ({Predecessor:} 7... Ne5 8. Nd4 e6 9. Qd2 b4 10. Nd1 Nf6 11. dxe6 fxe6 12. f3 O-O 13. Be2 {0-1 (21) Cita,M (1962)-Coste,T (2189) Issy les Moulineaux 2010}) 8. Bd4 {White is slightly better.} Nf6 9. b4 c5 $1 {[%cal Rc5d4]} 10. bxc5 {Black must now prevent c6.} dxc5 11. Bxc5 O-O 12. Bd3 $36 {[%mdl 2048] White fights for an advantage.} Nd7 13. Bd4 Bxd4 14. Nxd4 Qb6 15. Nce2 e6 16. dxe6 fxe6 17. O-O Bb7 (17... Nc5 $14) 18. Nb3 (18. a4 $1 $16) 18... Nxb3 $14 19. axb3 ({Don't play} 19. cxb3 Rad8 $15) 19... Nc5 20. Ng3 $1 e5 21. Qd2 Ne6 22. Ne2 Rad8 23. Qc3 Qd6 (23... Nc5 $14) 24. Rad1 $16 Rf7 25. b4 Rc8 26. Qb3 Qc6 27. Rc1 Nd4 28. Nxd4 exd4 29. Rcd1 Kg7 30. Rd2 Qd6 31. Rfd1 Rc3 32. Qb2 Qe5 33. Qa1 Qf4 34. Re2 Qe5 35. Red2 ({White should try} 35. f3 $16) 35... Qg5 (35... Qf4 $1 $11 {remains equal.}) 36. Qc1 Rfc7 37. Qa1 ({White should play} 37. Rf1 $16) 37... Bc8 (37... Rf7 $11) 38. Bf1 Kh6 39. Rxd4 Rxc2 {[#]} 40. Rd5 $1 {[%cal Rd5g5]} Qf4 41. Qd4 Rf7 {[#]} 42. Rd2 $1 {[%cal Rd2c2]} Rc1 43. e5 (43. Rd3 $16 Rc4 44. Qb2) 43... Be6 $1 $11 {[%cal Re6d5]} 44. Qb2 $2 {[%mdl 8192] [#]} (44. Rd8 $11 {and White has nothing to worry.}) 44... Rxf1+ $1 $19 {[%mdl 512]} 45. Kxf1 Bxd5 46. Rd4 Be4 {Hoping for ...Rc7.} 47. f3 Qe3 {( -> ...Bxf3!)} ({Worse is} 47... Qxe5 48. Qd2+ Qg5 49. Qxg5+ Kxg5 50. Rxe4 $11) 48. Qd2 Qxd2 49. Rxd2 {[%mdl 4096] Endgame intending e6. KRB-KR} Bf5 50. Rd6 Kg5 51. Kf2 Kf4 52. Rd5 {Strongly threatening e6!} Be6 53. g3+ Kf5 54. Rc5 Rd7 55. Ke3 Bd5 56. f4 Bb7 {Precision: White = 52%, Black = 61%.} 0-1

[Event "Brugse Meesters 2017"]
[Site "Brugge"]
[Date "2017.08.16"]
[Round "7"]
[White "Dardha, Daniel"]
[Black "Beerdsen, Thomas"]
[Result "0-1"]
[WhiteElo "2218"]
[BlackElo "2447"]
[Annotator "TA"]
[PlyCount "140"]
[EventDate "2017.??.??"]
[EventCountry "BEL"]
[SourceTitle "playchess.com"]
[Source "ChessBase"]
[SourceQuality "1"]

{[%evp 21,140,20,25,15,17,26,14,0,2,-2,5,-22,-14,-26,-31,-27,-9,-20,0,-18,26,-28,-22,-28,-26,-43,-34,-11,-14,0,0,-31,-31,-31,-31,-33,-31,-35,-41,-41,-41,-44,-31,-31,-32,-31,-35,-135,-135,-135,-135,-128,-141,-141,-139,-149,-138,-176,-174,-299,-320,-314,-281,-292,-218,-285,-238,-274,-267,-245,-184,-168,-159,-293,-295,-258,-129,-129,-129,-129,-129,-136,-129,-181,-181,-184,-181,-192,-181,-210,-181,-181,-181,-181,-156,-170,-163,-177,-129,-156,-129,-29968,-29969,-29970,-422,-29971,-29972,-29974,-29974,-29975,-29976,-29979,-29976,-29976,-29976,-29978,-29979,-29982,-29983,-29982,-29977]} 1. d4 Nf6 2. c4 e6 3. Nf3 b6 4. g3 Bb7 5. Bg2 Be7 6. O-O O-O 7. Nc3 Ne4 8. Qc2 Nxc3 9. Qxc3 d6 10. b3 f5 11. Bb2 Bf6 {LiveBook: 79 Games} 12. Qc2 {E19: Queen's Indian: Old Main Line with 7...Ne4 8 Qc2 Nxc3 8 Qxc3} (12. Ne1 $5 {[%cal Rg2b7]} Bxg2 13. Nxg2 $11) (12. Rad1 Qe8 13. Ne1 Bxg2 14. Nxg2 a5 15. Qf3 Nd7 16. e4 fxe4 17. Qxe4 e5 18. Qd5+ Qf7 19. Ne3 a4 20. b4 {1-0 (72) Stefansson,H (2573)-Salgado Lopez,I (2628) Jerusalem 2015}) 12... Be4 13. Qd2 Nd7 14. Rfd1 {The position is equal.} a5 $146 ({Predecessor:} 14... Qe7 15. Rac1 Rad8 16. e3 e5 17. Qe2 Rfe8 18. Rd2 Nf8 19. Rcd1 h6 20. Ne1 Bxg2 21. Kxg2 e4 22. b4 c5 23. bxc5 dxc5 24. d5 Bxb2 25. Rxb2 Qe5 26. a3 Rd6 {0-1 (26) Anpilogov,V-Bragin,A Dagomys 2004}) 15. Ne1 Qe8 16. f3 Bb7 17. e4 fxe4 18. fxe4 Qh5 19. Bf3 Qg6 20. Qe2 (20. e5 $5 {[%cal Rf3b7]} Bxf3 21. Nxf3 $11) 20... Be7 21. Bg2 (21. Ng2 $142 $1) 21... h5 $11 22. Nd3 {Nf4 is the strong threat.} h4 23. gxh4 Bxh4 24. Rf1 Bg5 25. Kh1 Nf6 {[%cal Rb7e4]} 26. Nf4 Bxf4 $1 27. Rxf4 Nh5 28. Rg4 Rf2 $36 {[%mdl 2048] Black is more active.} 29. Qxf2 (29. Rxg6 Rxe2 30. e5 d5 $19) 29... Qxg4 30. Qf3 Qh4 {Hoping for ...Bxe4!} 31. d5 $1 Rf8 32. Qh3 Qxh3 33. Bxh3 Nf4 34. Bxe6+ (34. Bg4 $15) 34... Nxe6 $17 35. dxe6 $15 {[%mdl 4096] Endgame KRB-KRB} Rf2 $1 36. Bd4 Rd2 {[%mdl 1024] Black has strong compensation.} 37. Bc3 Rc2 $1 38. Bd4 {[#]} c5 $1 {[%cal Rc5d4]} 39. e7 {[#]} Kf7 $1 40. Rf1+ (40. Be3 {keeps fighting.}) 40... Kxe7 $19 41. Bf2 Rxa2 ({Don't take} 41... Bxe4+ 42. Kg1 $19) 42. Kg1 Ke6 {Strongly threatening ...Rb2.} ({Stronger than} 42... Bxe4 43. Re1 $14) 43. Bg3 Bxe4 {( -> ...Rg2+)} 44. Re1 d5 45. Bc7 Kd7 46. Bxb6 Kc6 47. cxd5+ (47. Bd8 $17 {was worth a try.}) 47... Bxd5 ({Less strong is} 47... Kxb6 48. Rxe4 Rd2 49. Rg4 $17) 48. Bd8 Rg2+ (48... Bxb3 $19 {aiming for ...a4.} 49. Re7 a4 50. Rxg7 a3) 49. Kf1 $17 Rxh2 50. Bxa5 Bxb3 51. Re7 g6 52. Rg7 (52. Re3 $17) 52... Bc2 $19 53. Ke1 Bd3 54. Kd1 c4 55. Bc3 Kd5 56. Re7 Rg2 57. Bf6 Kc5 58. Re8 Bf5 59. Re7 Ra2 60. Re8 Kd6 61. Kc1 $2 {[%mdl 8192] [#]} (61. Ke1 $17) 61... c3 $1 {[%cal Ra2a1]} 62. Kd1 (62. Bxc3 Rc2+) 62... Ra1+ 63. Ke2 c2 {Black mates.} 64. Bg5 c1=Q 65. Bxc1 Rxc1 {KRB-KR} 66. Kf2 Rc4 67. Kg2 Re4 68. Rg8 Ke5 69. Kg3 Re3+ 70. Kf2 Ra3 {Precision: White = 37%, Black = 68%.} 0-1

[Event "Brugse Meesters 2017"]
[Site "Brugge"]
[Date "2017.08.16"]
[Round "7"]
[White "Guelsen, Taylan"]
[Black "Varga, Zoltan"]
[Result "1/2-1/2"]
[WhiteElo "2156"]
[BlackElo "2434"]
[Annotator "TA"]
[PlyCount "52"]
[EventDate "2017.??.??"]
[EventCountry "BEL"]
[SourceTitle "playchess.com"]
[Source "ChessBase"]
[SourceQuality "1"]

{[%evp 13,52,25,35,28,31,34,35,7,16,-8,25,-16,-24,-13,-8,-6,-6,-33,-21,-23,-16,-22,0,-18,0,-12,-8,-6,20,-29,0,-29,0,-29,-16,-29,-9,-29,-21,-21,0]} 1. d4 d5 2. Bf4 c5 3. e3 Nc6 4. c3 Nf6 5. Nd2 Qb6 6. Qb3 {D00: 1 d4 d5: Unusual lines} c4 7. Qc2 Bg4 {LiveBook: 22 Games} (7... Nh5 8. Bg5 h6 9. Bh4 g5 10. Be2 Ng7 11. Bg3 Bf5 12. Qc1 e6 {1-0 (41) Carlsen,M (2832)-So,W (2812) Leuven 2017}) 8. b3 {White is slightly better.} cxb3 $1 9. axb3 e6 10. f3 (10. Bd3 {feels hotter.} Rc8 11. Qb1 Be7 12. Ne2 Bh5 13. O-O) 10... Bh5 $146 ({Find the theoretical novelty and annotate with similar games:} 10... Bf5 11. Bd3 Bxd3 12. Qxd3 Nh5 {1-0 (47) Bendfeldt,T (2028)-Petri,A (2167) Hanerau 2015}) 11. Bd3 Rc8 12. Qb2 Bg6 13. Bxg6 hxg6 14. Ne2 Nh5 15. Kf2 Be7 16. Bg3 g5 17. Rhe1 f5 18. Qb1 (18. b4 {is more complex.} a6 19. Nb3 Kf7 20. Qb1 Rh6 21. Nc5) 18... O-O {Threatens to win with ...f4.} 19. Kg1 Nxg3 20. hxg3 Bf6 21. f4 a6 22. Kf2 Rc7 23. Rh1 g4 24. Qg1 Kf7 25. Rh7 Ne7 26. Qh1 Kg8 {Precision: White = 39%, Black = 42%.} 1/2-1/2